La visita domiciliaria en materia fiscal 2018

Bibliographic Details
Main Author: Domn̕guez Cruz, Pedro
Format: eBook
Language:Spanish
Published: Ciudad de Mx̌ico: Ediciones Fiscales ISEF, 2018
Subjects:
Online Access:Acceso restringido

MARC

LEADER 00000nam a22000007a 4500
005 20180510010027.0
007 cr|||| ||||
008 180510s2018 mx |||||s|||| 00||0 spa d
020 |a 978-607-541-026-5 
035 |a 21607 
040 |a vLex 
090 |c 7929  |d 7929 
100 1 |a Domn̕guez Cruz, Pedro 
245 1 2 |a La visita domiciliaria en materia fiscal 2018  |h [Recurso electrn̤ico] /  |c Pedro Domn̕guez Cruz 
256 |a Servicio en ln̕ea 
260 |a Ciudad de Mx̌ico:  |b Ediciones Fiscales ISEF,  |c 2018 
300 |a 1 recurso electrn̤ico 
506 1 |a Disponible solo en los productos indicados  |d vLex Global  |d vLex Global (Academic Edition, excluding Law Schools)  |d vLex Global (U.S. Academic Edition, Law Schools)  |d vLex Global (U.S. Academic Edition, excluding Law Schools)  |d vLex Global (Academic Edition, Law Schools) 
650 0 4 |a Derecho Fiscal  |z Mx̌ico 
740 0 |a vLex Libros (Servicio en ln̕ea) 
856 4 0 |u http://vlex.com/source/visita-domiciliaria-en-materia-fiscal-21607  |z Acceso restringido 
942 |c BOOK 
999 0 |a Tax Law